00414pam a2200145 a 4500020000500000041000500005082001500010100001500025245003800040250001000078260001800088930000700106999001900113952013600132 c h a743.7bADE aAdes Lola. aHow to draw Roses and Floral Biug a1998. aPune:b[s.n]. a11 c233801d233801 001040708General aFAPbFAPd2013-07-16em/s Unicate Pubg300.00l0o743.7 ADEpFAP-0012r2023-03-07 00:00:00t1w2023-03-07yBK